Welcome to University of Cape Coast Library, Online Public Access Catalogue (OPAC)

Investment Analysis and Portfolio Management (with Thomson ONE - Business School Edition and Stock-Trak Coupon). (Record no. 51291)

MARC details
000 -LEADER
fixed length control field 03425cam a2200601Mu 4500
001 - CONTROL NUMBER
control field ocn956735594
003 - CONTROL NUMBER IDENTIFIER
control field OCoLC
005 - DATE AND TIME OF LATEST TRANSACTION
control field 20240725104523.0
006 - FIXED-LENGTH DATA ELEMENTS--ADDITIONAL MATERIAL CHARACTERISTICS
fixed length control field m o d
007 - PHYSICAL DESCRIPTION FIXED FIELD--GENERAL INFORMATION
fixed length control field cr |n|---|||||
008 - FIXED-LENGTH DATA ELEMENTS--GENERAL INFORMATION
fixed length control field 160531s2011 ohu o 000 0 eng
020 ## - INTERNATIONAL STANDARD BOOK NUMBER
International Standard Book Number 9781133890843
020 ## - INTERNATIONAL STANDARD BOOK NUMBER
International Standard Book Number 1133890849
020 ## - INTERNATIONAL STANDARD BOOK NUMBER
Canceled/invalid ISBN 9781133627036
020 ## - INTERNATIONAL STANDARD BOOK NUMBER
Canceled/invalid ISBN 113362703X
020 ## - INTERNATIONAL STANDARD BOOK NUMBER
Canceled/invalid ISBN 9780538482103
020 ## - INTERNATIONAL STANDARD BOOK NUMBER
Canceled/invalid ISBN 0538482109
020 ## - INTERNATIONAL STANDARD BOOK NUMBER
Canceled/invalid ISBN 9780538482387
020 ## - INTERNATIONAL STANDARD BOOK NUMBER
Canceled/invalid ISBN 0538482389
029 0# - OTHER SYSTEM CONTROL NUMBER (OCLC)
OCLC library identifier AU@
System control number 000058392781
035 ## - SYSTEM CONTROL NUMBER
System control number (OCoLC)956735594
Canceled/invalid control number (OCoLC)945873641
-- (OCoLC)945981957
-- (OCoLC)958861374
-- (OCoLC)959424030
-- (OCoLC)969967839
-- (OCoLC)981969918
-- (OCoLC)982009154
-- (OCoLC)993655076
040 ## - CATALOGING SOURCE
Original cataloging agency AU@
Language of cataloging eng
Transcribing agency AU@
Modifying agency OCLCQ
-- YDX
-- YDXCP
-- OCLCF
-- EBLCP
-- OCLCQ
-- OCLCO
-- OCLCQ
-- OCLCO
-- OCLCL
050 #4 - LIBRARY OF CONGRESS CALL NUMBER
Classification number HG4521.R396
082 04 - DEWEY DECIMAL CLASSIFICATION NUMBER
Classification number 332.6
100 1# - MAIN ENTRY--PERSONAL NAME
Personal name Reilly, Frank K.
9 (RLIN) 36722
245 10 - TITLE STATEMENT
Title Investment Analysis and Portfolio Management (with Thomson ONE - Business School Edition and Stock-Trak Coupon).
250 ## - EDITION STATEMENT
Edition statement 10th ed.
260 ## - PUBLICATION, DISTRIBUTION, ETC.
Place of publication, distribution, etc. Mason, OH :
Name of publisher, distributor, etc. Cengage Learning US,
Date of publication, distribution, etc. 2011.
300 ## - PHYSICAL DESCRIPTION
Extent 1 online resource (1082 pages)
336 ## - CONTENT TYPE
Content type term text
Content type code txt
Source rdacontent
337 ## - MEDIA TYPE
Media type term computer
Media type code c
Source rdamedia
338 ## - CARRIER TYPE
Carrier type term online resource
Carrier type code cr
Source rdacarrier
504 ## - BIBLIOGRAPHY, ETC. NOTE
Bibliography, etc. note Includes bibliographical references (pages 1017-1031) and index.
505 0# - FORMATTED CONTENTS NOTE
Formatted contents note 82387_30_SE-Cover -- 82387_31_IFC -- 82387_00_FM_pi-xxii -- 82387_01_Ch01_p0001-0032 -- 82387_02_Ch02_p0033-0062 -- 82387_03_Ch03_p0063-0094 -- 82387_04_Ch04_p0095-0122 -- 82387_05_Ch05_p0123-0146 -- 82387_06_Ch06_p0147-0180 -- 82387_07_Ch07_p0181-0206 -- 82387_08_Ch08_p0207-0240 -- 82387_09_Ch09_p0241-0268 -- 82387_10_Ch10_p0269-0326 -- 82387_11_Ch11_p0327-0364 -- 82387_12_Ch12_p0365-0412 -- 82387_13_Ch13_p0413-0458 -- 82387_14_Ch14_p0459-0524 -- 82387_15_Ch15_p0525-0548 -- 82387_16_Ch16_p0549-0588 -- 82387_17_Ch17_p0589-0622 -- 82387_18_Ch18_p0623-0690 -- 82387_19_Ch19_p0691-0738.
505 8# - FORMATTED CONTENTS NOTE
Formatted contents note 82387_20_Ch20_p0739-0780 -- 82387_21_Ch21_p0781-0820 -- 82387_22_Ch22_p0821-0866 -- 82387_23_Ch23_p0867-0908 -- 82387_24_Ch24_P0909-0958 -- 82387_25_Ch25_p0959-1008 -- 82387_26_Appendix A-D_p1009-1016 -- 82387_27_References_p1017-1031 -- 82387_28_Glossary_p1032-1044 -- 82387_29_Index_p1045-1058.
588 0# - SOURCE OF DESCRIPTION NOTE
Source of description note Print version record.
650 #0 - SUBJECT ADDED ENTRY--TOPICAL TERM
Topical term or geographic name entry element Portfolio management.
9 (RLIN) 19895
650 #0 - SUBJECT ADDED ENTRY--TOPICAL TERM
Topical term or geographic name entry element Investment analysis.
9 (RLIN) 5320
650 #0 - SUBJECT ADDED ENTRY--TOPICAL TERM
Topical term or geographic name entry element Investments.
9 (RLIN) 15418
650 #2 - SUBJECT ADDED ENTRY--TOPICAL TERM
Topical term or geographic name entry element Investments
9 (RLIN) 15418
650 #6 - SUBJECT ADDED ENTRY--TOPICAL TERM
Topical term or geographic name entry element Gestion de portefeuille.
9 (RLIN) 45623
650 #6 - SUBJECT ADDED ENTRY--TOPICAL TERM
Topical term or geographic name entry element Analyse financi�ere.
9 (RLIN) 5321
650 #6 - SUBJECT ADDED ENTRY--TOPICAL TERM
Topical term or geographic name entry element Investissements.
9 (RLIN) 15419
650 #7 - SUBJECT ADDED ENTRY--TOPICAL TERM
Topical term or geographic name entry element Investment analysis
Source of heading or term fast
9 (RLIN) 5320
650 #7 - SUBJECT ADDED ENTRY--TOPICAL TERM
Topical term or geographic name entry element Investments
Source of heading or term fast
9 (RLIN) 15418
650 #7 - SUBJECT ADDED ENTRY--TOPICAL TERM
Topical term or geographic name entry element Portfolio management
Source of heading or term fast
9 (RLIN) 19895
700 1# - ADDED ENTRY--PERSONAL NAME
Personal name Brown, Keith C.
9 (RLIN) 36724
758 ## - RESOURCE IDENTIFIER
Relationship information has work:
Label Investment Analysis and Portfolio Management (with Thomson One - Business School Edition and Stock-Trak Coupon) (Text)
Real World Object URI https://id.oclc.org/worldcat/entity/E39PCYrjRMt84PfxC6RBJ4hBDV
Relationship https://id.oclc.org/worldcat/ontology/hasWork
776 08 - ADDITIONAL PHYSICAL FORM ENTRY
Relationship information Print version:
Main entry heading Reilly, Frank K.
Title Investment Analysis and Portfolio Management (with Thomson ONE - Business School Edition and Stock-Trak Coupon).
Place, publisher, and date of publication Mason, OH : Cengage Learning US, �2011
International Standard Book Number 9780538482387
856 ## - ELECTRONIC LOCATION AND ACCESS
Uniform Resource Identifier <a href="https://koha.ucc.edu.gh/cgi-bin/koha/opac-retrieve-file.pl?id=85f7358dc0c48a5b7c729a8ea936379c">https://koha.ucc.edu.gh/cgi-bin/koha/opac-retrieve-file.pl?id=85f7358dc0c48a5b7c729a8ea936379c</a>
942 ## - ADDED ENTRY ELEMENTS (KOHA)
Source of classification or shelving scheme Library of Congress Classification
Koha item type Ebook
948 ## - LOCAL PROCESSING INFORMATION (OCLC); SERIES PART DESIGNATOR (RLIN)
h (OCLC) NO HOLDINGS IN GHUCC - 10 OTHER HOLDINGS

No items available.

Koha©2022 UCC.All Right Reserved.Site Developed by Sam Jonah Library IT Team
<Home | Contact | Library publications |Research Tools | Research Guides |https://ucclivechat.library-gh.net/index.php/chat

If you have questions or concern please contact the Library.



PMB, University of Cape Coast

KOHA HOME